00494 2200181 4500001002300000005001700023006001900040008004100059035002600100084001900126100001800145245004200163260003200205650001600237850001300253990002300266990002300289NBPULOT00000000000005720140103100458.0a ||| | 171130| ||| |  a 0010-011400000000049 a 005.7 Sut B.20 a Edhy Sutanta00a Basis Data dalam Tinjauan Konseptual a Yogyakarta b ANDI c 2011 0a Basis Data a NBPULOT a 14597/APBDII/2012 a 14596/APBDII/2014